Statistics for African Countries with 4-6 Letter Capitals - Map Quiz

Click here to take the quiz!

General Stats

  • This quiz has been taken 11 times
  • The average score is 24 of 25

Answers on the Map

Answers color-coded by a green-red scale on the quiz's map according to % correct below.
Loading ...
 

Answer Stats

Answer% Correct
Gitega
100%
Maseru
100%
Juba
100%
Accra
100%
Cairo
100%
Lusaka
100%
Lomé
100%
Maputo
100%
Abuja
100%
Tunis
100%
Bangui
100%
Niamey
100%
Asmara
100%
Luanda
100%
Harare
100%
Dodoma
100%
Rabat
100%
Banjul
100%
Moroni
90%
Bamako
90%
Dakar
90%
Praia
90%
Bissau
90%
Kigali
90%
Malabo
80%

Score Distribution

Percentile by Number Answered

Percent of People with Each Score

Your Score History

You have not taken this quiz